[Event "Basel Christmas op"]
[Site "Basel"]
[Date "2023.12.28"]
[Round "4"]
[White "Kishore, Kumar Jaganathan"]
[Black "Degardin, Sylvain"]
[Result "1/2-1/2"]
[WhiteElo "2096"]
[BlackElo "2250"]
[PlyCount "38"]
[EventDate "2023.12.26"]
[EventType "swiss"]
[EventRounds "9"]
[EventCountry "SUI"]
[SourceTitle "CB02_2024"]
[SourceDate "2024.01.10"]
[SourceVersion "1"]
[SourceVersionDate "2024.01.10"]
[SourceQuality "1"]

1. d4 Nf6 2. c4 e6 3. g3 d5 4. Nf3 Be7 5. Bg2 0-0 6. 0-0 dxc4 7. Qc2 a6 8. a4 Bd7 9. Qxc4 Bc6 10. Bg5 Nbd7 11. Nc3 h6 12. Bxf6 Nxf6 13. Rfd1 Bd5 14. Qd3 Bxf3 15. Bxf3 c6 16. e3 a5 17. h4 Qb6 18. Qe2 Rfd8 19. Rac1 Rd7 1/2-1/2

[Event "Noisiel op 8th"]
[Site "Noisiel"]
[Date "2023.02.21"]
[Round "5"]
[White "Karthik, Venkataraman"]
[Black "Degardin, Sylvain"]
[Result "1-0"]
[WhiteElo "2515"]
[BlackElo "2255"]
[PlyCount "73"]
[EventDate "2023.02.18"]
[EventType "swiss"]
[EventRounds "9"]
[EventCountry "FRA"]
[SourceTitle "CBM 212 Extra"]
[Source "ChessBase"]
[SourceDate "2023.03.31"]
[SourceVersion "1"]
[SourceVersionDate "2023.03.31"]
[SourceQuality "1"]

1. c4 e6 2. Nf3 d5 3. g3 Nf6 4. Bg2 Be7 5. 0-0 0-0 6. b3 b6 7. Bb2 Bb7 8. e3 c5 9. Nc3 Qc8 10. Qe2 Rd8 11. Ne1 dxc4 12. bxc4 Bxg2 13. Nxg2 Nc6 14. d3 Rd7 15. f4 Qb7 16. g4 Rad8 17. Rad1 Bf8 18. f5 exf5 19. Rxf5 Ne7 20. Rff1 Qc6 21. e4 Ne8 22. Nf4 Nc7 23. Ncd5 Nexd5 24. cxd5 Qa4 25. g5 Nb5 26. e5 Nd4 27. Qf2 Re7 28. Rde1 Rde8 29. Re4 Qd7 30. Bxd4 cxd4 31. e6 fxe6 32. dxe6 Qb5 33. g6 hxg6 34. Nxg6 Qg5+ 35. Qg2 Qxg2+ 36. Kxg2 Rc7 37. Rh4 1-0

[Event "Noisiel op 8th"]
[Site "Noisiel"]
[Date "2023.02.20"]
[Round "4"]
[White "Degardin, Sylvain"]
[Black "Roque, Gaetan"]
[Result "1-0"]
[WhiteElo "2255"]
[BlackElo "2124"]
[PlyCount "83"]
[EventDate "2023.02.18"]
[EventType "swiss"]
[EventRounds "9"]
[EventCountry "FRA"]
[SourceTitle "CBM 212 Extra"]
[Source "ChessBase"]
[SourceDate "2023.03.31"]
[SourceVersion "1"]
[SourceVersionDate "2023.03.31"]
[SourceQuality "1"]

1. e4 d6 2. d4 Nf6 3. Nc3 Nbd7 4. Nf3 e5 5. Bc4 Be7 6. a4 a5 7. 0-0 0-0 8. Re1 c6 9. h3 exd4 10. Qxd4 Nc5 11. Bf4 Ncxe4 12. Nxe4 d5 13. Nxf6+ Bxf6 14. Qc5 dxc4 15. Rad1 Bd7 16. Be5 Be7 17. Bd6 Bxd6 18. Rxd6 Qc8 19. Re7 Be6 20. Qe5 Bd5 21. Nh4 f6 22. Rxg7+ Kxg7 23. Nf5+ Qxf5 24. Qxf5 Rad8 25. Rd7+ Rxd7 26. Qxd7+ Rf7 27. Qg4+ Kh8 28. f3 Re7 29. Kf2 Bf7 30. Qf5 Kg7 31. Qxa5 Rd7 32. Qe1 h5 33. h4 Rd4 34. Kg3 c3 35. Qxc3 Rxa4 36. Qe3 b5 37. b3 Ra2 38. Qc5 Ra6 39. Kf4 Kg6 40. g4 Bd5 41. Qe7 Be4 42. Kxe4 1-0

[Event "Titled Tuesday intern op 09th Aug Early"]
[Site "Chess.com INT"]
[Date "2022.08.09"]
[Round "10"]
[White "Degardin, Sylvain"]
[Black "Floresvillar Gonzalez, Luis Miguel"]
[Result "1-0"]
[WhiteElo "2229"]
[BlackElo "2120"]
[PlyCount "31"]
[EventDate "2022.08.09"]
[EventType "swiss (blitz)"]
[EventRounds "11"]
[EventCountry "USA"]
[SourceTitle "EXT 2023"]
[Source "ChessBase"]
[SourceDate "2022.10.05"]
[SourceVersion "1"]
[SourceVersionDate "2022.10.05"]
[SourceQuality "1"]

1. Nh3 d5 2. g3 Bg4 3. d4 c6 4. Bg2 g6 5. 0-0 h5 6. f3 Bf5 7. e4 dxe4 8. fxe4 Bg4 9. Qd3 Nf6 10. e5 Nd5 11. Ng5 Bf5 12. Rxf5 gxf5 13. Qxf5 Nf6 14. Be3 Nbd7 15. e6 fxe6 16. Qg6# 1-0

[Event "Titled Tuesday intern op 09th Aug Early"]
[Site "Chess.com INT"]
[Date "2022.08.09"]
[Round "6"]
[White "Degardin, Sylvain"]
[Black "Gatterer, Florian"]
[Result "1/2-1/2"]
[WhiteElo "2229"]
[BlackElo "2167"]
[PlyCount "281"]
[EventDate "2022.08.09"]
[EventType "swiss (blitz)"]
[EventRounds "11"]
[EventCountry "USA"]
[SourceTitle "EXT 2023"]
[Source "ChessBase"]
[SourceDate "2022.10.05"]
[SourceVersion "1"]
[SourceVersionDate "2022.10.05"]
[SourceQuality "1"]

1. Nf3 Nf6 2. b3 g6 3. Bb2 Bg7 4. g3 d5 5. Bg2 0-0 6. 0-0 a5 7. a4 c6 8. d3 Bg4 9. Nbd2 Bxf3 10. Nxf3 Nbd7 11. Qe1 Re8 12. e4 dxe4 13. dxe4 e5 14. Rd1 Qe7 15. Qe2 Red8 16. Nd2 Nb6 17. Nc4 Nxc4 18. Qxc4 Bf8 19. h3 h5 20. Kh2 Bg7 21. Bc1 Ne8 22. Be3 Bf8 23. Bb6 Rxd1 24. Rxd1 Nc7 25. h4 Ne6 26. Bh3 Nd4 27. Bxd4 exd4 28. Rxd4 Rd8 29. Qd3 Rxd4 30. Qxd4 Qc5 31. Qxc5 Bxc5 32. f3 Bd4 33. Kg2 Kf8 34. Kf1 Ke7 35. Ke2 Kd6 36. g4 Ke5 37. gxh5 gxh5 38. Bc8 b6 39. Bd7 c5 40. Be8 Kf6 41. f4 Ke7 42. Bc6 f6 43. Kf3 Bc3 44. Bb5 Be1 45. Be2 Bxh4 46. Ke3 Be1 47. Bxh5 Kd6 48. Bf7 Bg3 49. Bc4 Bh2 50. Kf3 Bg1 51. Kg4 Bd4 52. Kf5 Bc3 53. Kg4 Bb2 54. Kf3 Bd4 55. Ke2 Bb2 56. Kd3 Bc1 57. f5 Bf4 58. Bd5 Kc7 59. Kc4 Be5 60. Bf7 Bd4 61. Kd5 Bc3 62. Ke6 Bb2 63. Be8 Bc3 64. Bb5 Be5 65. Kd5 Bc3 66. Kc4 Be5 67. c3 Bf4 68. b4 cxb4 69. cxb4 axb4 70. Kxb4 Be5 71. Kc4 Bf4 72. Kd5 Be5 73. Bc6 Bc3 74. Bb5 Be5 75. Ke6 Bc3 76. Kf7 Be5 77. Kg6 Bd4 78. Kh5 Be5 79. Kg4 Bd4 80. Kf3 Be5 81. Ke2 Bc3 82. Kd3 Be5 83. Kc4 Bf4 84. Be8 Be5 85. Bf7 Bf4 86. Bd5 Be5 87. Kb5 Bf4 88. Ka6 Be5 89. Kb5 Bf4 90. a5 bxa5 91. Kxa5 Kd6 92. Kb5 Ke5 93. Kc4 Bg5 94. Kd3 Bf4 95. Ke2 Bg5 96. Kf3 Bf4 97. Kg4 Bg5 98. Kh5 Bf4 99. Kg6 Bg5 100. Kf7 Bf4 101. Ke7 Bg5 102. Kf7 Bf4 103. Kg6 Be3 104. Kh5 Bd4 105. Kg4 Bc5 106. Kf3 Bd4 107. Ke2 Bc5 108. Kd3 Bd6 109. Kc4 Be7 110. Kb5 Bf8 111. Kc6 Bg7 112. Kd7 Bh6 113. Bc6 Bg5 114. Ke7 Bf4 115. Bb7 Be3 116. Kf7 Bd4 117. Bd5 Bc5 118. Ke8 Bd6 119. Kd7 Bc5 120. Be6 Bd4 121. Bd5 Be3 122. Kc6 Bf4 123. Kb5 Bg5 124. Kc4 Bh6 125. Kd3 Bg7 126. Ke2 Bf8 127. Kf3 Be7 128. Ke2 Bd6 129. Kf3 Be7 130. Ke2 Bd6 131. Kf3 Bf8 132. Kg4 Bh6 133. Kh5 Bd2 134. Kg6 Be3 135. Kh7 Bf4 136. Kg8 Bc1 137. Kh8 Bb2 138. Kg8 Ba3 139. Kh8 Bb4 140. Kh7 Ba5 141. Kg6 1/2-1/2

[Event "Paris-ch IdF"]
[Site "Paris"]
[Date "2022.07.15"]
[Round "6"]
[White "Makkar, Rajat"]
[Black "Degardin, Sylvain"]
[Result "1/2-1/2"]
[WhiteElo "2336"]
[BlackElo "2282"]
[PlyCount "101"]
[EventDate "2022.07.12"]
[EventType "swiss"]
[EventRounds "9"]
[EventCountry "FRA"]
[SourceTitle "CBM 209 Extra"]
[Source "ChessBase"]
[SourceDate "2022.09.30"]
[SourceVersion "1"]
[SourceVersionDate "2022.09.30"]
[SourceQuality "1"]

1. e4 c5 2. Nf3 d6 3. Nc3 a6 4. g3 g6 5. Bg2 Bg7 6. 0-0 Nc6 7. d3 Nf6 8. h3 0-0 9. Be3 Bd7 10. e5 dxe5 11. Bxc5 Qa5 12. Be3 Rfd8 13. Nd2 Be6 14. Nb3 Bxb3 15. axb3 Qc7 16. Na4 Nd7 17. c3 e6 18. b4 Ne7 19. Qb3 Nf5 20. b5 Nxe3 21. fxe3 e4 22. bxa6 bxa6 23. Qc4 Qxc4 24. dxc4 f5 25. c5 Bh6 26. Rfe1 Ne5 27. Nb6 Ra7 28. Re2 Rc7 29. Na4 Rcd7 30. b4 Rd1+ 31. Rxd1 Rxd1+ 32. Bf1 Kf7 33. Nb2 Rc1 34. c4 Nd3 35. c6 Ke7 36. b5 axb5 37. cxb5 Kd6 38. Kg2 Kc7 39. Rd2 Bxe3 40. Nxd3 Bxd2 41. Nxc1 Bxc1 42. Bc4 Kd6 43. b6 Kxc6 44. Bxe6 h6 45. Bf7 g5 46. Bg6 f4 47. Bxe4+ Kxb6 48. gxf4 Bxf4 49. h4 Kc5 50. hxg5 hxg5 51. Bf5 1/2-1/2

[Event "Tremblay en France"]
[Site "Tremblay en France"]
[Date "2022.07.09"]
[Round "7"]
[White "Degardin, Sylvain"]
[Black "Van Dael, Siem"]
[Result "0-1"]
[WhiteElo "2282"]
[BlackElo "2253"]
[PlyCount "80"]
[EventDate "2022.07.06"]
[EventType "tourn"]
[EventRounds "9"]
[EventCountry "FRA"]
[EventCategory "5"]
[SourceTitle "CBM 209 Extra"]
[Source "ChessBase"]
[SourceDate "2022.09.30"]
[SourceVersion "1"]
[SourceVersionDate "2022.09.30"]
[SourceQuality "1"]

1. e4 e5 2. Nf3 Nc6 3. Bc4 Nf6 4. d3 Bc5 5. c3 d6 6. 0-0 0-0 7. h3 a6 8. a4 Ba7 9. Re1 Ne7 10. Nbd2 Ng6 11. d4 c6 12. Bf1 h6 13. Qc2 Be6 14. dxe5 dxe5 15. Nc4 Qc7 16. Be3 Bxe3 17. Nxe3 b5 18. Nf5 Rfb8 19. Qd2 Kh7 20. axb5 axb5 21. Qe3 Ra4 22. b4 Rba8 23. Rac1 Nd7 24. g3 Nb6 25. h4 Nc4 26. Bxc4 Bxc4 27. Nh2 Ne7 28. Ng4 Nxf5 29. exf5 f6 30. Qc5 Bd5 31. Ne3 Bf3 32. c4 Qb7 33. Rc3 Ra1 34. Rec1 Qd7 35. cxb5 cxb5 36. Rxa1 Rxa1+ 37. Rc1 Qd4 38. Rf1 Rxf1+ 39. Nxf1 Qd1 40. Qxb5 Be2 0-1

[Event "Tremblay en France"]
[Site "Tremblay en France"]
[Date "2022.07.06"]
[Round "2"]
[White "Bellahcene, Bilel"]
[Black "Degardin, Sylvain"]
[Result "1-0"]
[WhiteElo "2514"]
[BlackElo "2282"]
[PlyCount "123"]
[EventDate "2022.07.06"]
[EventType "tourn"]
[EventRounds "9"]
[EventCountry "FRA"]
[EventCategory "5"]
[SourceTitle "CBM 209 Extra"]
[Source "ChessBase"]
[SourceDate "2022.09.30"]
[SourceVersion "1"]
[SourceVersionDate "2022.09.30"]
[SourceQuality "1"]

1. e4 e5 2. Nf3 Nc6 3. Bb5 a6 4. Ba4 Nf6 5. 0-0 Be7 6. d3 d6 7. a3 0-0 8. h3 b5 9. Bb3 Be6 10. Nc3 Bxb3 11. cxb3 d5 12. Bg5 dxe4 13. dxe4 Qxd1 14. Raxd1 Rfd8 15. Bxf6 Bxf6 16. Nd5 Rac8 17. b4 Nb8 18. g4 c6 19. Ne3 Nd7 20. Rd2 Nb6 21. Rc2 Rc7 22. g5 Be7 23. Rfc1 Rdc8 24. Nd5 Nxd5 25. exd5 e4 26. Rxc6 Rxc6 27. Rxc6 Rd8 28. Nd2 e3 29. fxe3 Bxg5 30. Kf2 Rxd5 31. Ne4 Bh4+ 32. Ke2 f5 33. Nc5 g5 34. e4 Re5 35. Rxa6 g4 36. hxg4 fxg4 37. Rd6 Be7 38. Rd5 Rxd5 39. exd5 Kf7 40. Ne4 h5 41. Ke3 h4 42. Kf4 g3 43. Kf3 Kg6 44. d6 Bd8 45. Nc3 Kf5 46. Nxb5 Ke6 47. a4 Bf6 48. a5 Be5 49. a6 h3 50. d7 Kxd7 51. a7 g2 52. a8Q g1Q 53. Qd5+ Kc8 54. Qxe5 Qf1+ 55. Kg3 Qg2+ 56. Kh4 Kd8 57. Qd6+ Ke8 58. Nc7+ Kf7 59. Qe6+ Kf8 60. Qxh3 Qe4+ 61. Qg4 Qh7+ 62. Kg3 1-0

[Event "Titled Tuesday intern op 05th Apr Late"]
[Site "Chess.com INT"]
[Date "2022.04.05"]
[Round "2"]
[White "D'Arruda, Ricardo D"]
[Black "Degardin, Sylvain"]
[Result "0-1"]
[WhiteElo "2271"]
[BlackElo "2278"]
[PlyCount "46"]
[EventDate "2022.04.05"]
[EventType "swiss (blitz)"]
[EventRounds "11"]
[EventCountry "USA"]
[SourceTitle "CBM 207 Extra"]
[Source "ChessBase"]
[SourceDate "2022.05.31"]
[SourceVersion "1"]
[SourceVersionDate "2022.05.31"]
[SourceQuality "1"]

1. Nf3 c5 2. c4 Nc6 3. Nc3 e5 4. e3 Nf6 5. d4 cxd4 6. exd4 e4 7. d5 exf3 8. dxc6 Qe7+ 9. Be3 dxc6 10. Qxf3 Bg4 11. Qg3 Qb4 12. Rb1 Bd6 13. Bf4 Bxf4 14. Qxf4 0-0-0 15. f3 Rhe8+ 16. Be2 Bh5 17. 0-0 Bg6 18. Rbc1 Qxb2 19. Rf2 Nh5 20. Qg5 h6 21. Qg4+ f5 22. Qxg6 Qxc1+ 23. Rf1 Qxc3 0-1

[Event "Titled Tuesday intern op 05th Apr Late"]
[Site "Chess.com INT"]
[Date "2022.04.05"]
[Round "4"]
[White "Degardin, Sylvain"]
[Black "Coelho, Ramyres Santana"]
[Result "1-0"]
[WhiteElo "2278"]
[BlackElo "1981"]
[PlyCount "89"]
[EventDate "2022.04.05"]
[EventType "swiss (blitz)"]
[EventRounds "11"]
[EventCountry "USA"]
[SourceTitle "CBM 207 Extra"]
[Source "ChessBase"]
[SourceDate "2022.05.31"]
[SourceVersion "1"]
[SourceVersionDate "2022.05.31"]
[SourceQuality "1"]

1. d4 Nf6 2. c4 g6 3. g3 Bg7 4. Bg2 d5 5. cxd5 Nxd5 6. Nf3 0-0 7. 0-0 c6 8. Nc3 Nxc3 9. bxc3 h6 10. e4 Be6 11. Qe2 Na6 12. Rb1 b5 13. Nd2 Bxa2 14. Ra1 Qa5 15. Nf3 Bc4 16. Rxa5 Bxe2 17. Rxa6 Bxf1 18. Kxf1 Rfd8 19. Ba3 e6 20. Bc5 Rd7 21. Nd2 e5 22. Nb3 exd4 23. cxd4 Rc8 24. e5 Bf8 25. Bh3 Bxc5 26. Bxd7 Rd8 27. Nxc5 Kf8 28. Rxa7 h5 29. Ke2 h4 30. Kd3 hxg3 31. hxg3 Kg7 32. Bxc6 Rh8 33. Bd5 Rh2 34. Rxf7+ Kh6 35. Rf8 Kg5 36. Be6 Rg2 37. Ne4+ Kh6 38. Rh8+ Kg7 39. Rg8+ Kh6 40. d5 b4 41. d6 b3 42. Bxb3 g5 43. d7 g4 44. d8Q Kh7 45. Qh4# 1-0

[Event "Titled Tuesday intern op 05th Apr Late"]
[Site "Chess.com INT"]
[Date "2022.04.05"]
[Round "5"]
[White "Degardin, Sylvain"]
[Black "Papp, Levente"]
[Result "0-1"]
[WhiteElo "2278"]
[BlackElo "2399"]
[PlyCount "60"]
[EventDate "2022.04.05"]
[EventType "swiss (blitz)"]
[EventRounds "11"]
[EventCountry "USA"]
[SourceTitle "CBM 207 Extra"]
[Source "ChessBase"]
[SourceDate "2022.05.31"]
[SourceVersion "1"]
[SourceVersionDate "2022.05.31"]
[SourceQuality "1"]

1. d4 Nf6 2. c4 e6 3. g3 d5 4. Bg2 Bb4+ 5. Bd2 a5 6. Nf3 0-0 7. 0-0 dxc4 8. Qc2 Bxd2 9. Nbxd2 b5 10. a4 c6 11. b3 cxb3 12. Nxb3 Nd5 13. Rfc1 b4 14. Ne5 Nc3 15. Nxc6 Nxc6 16. Bxc6 Ba6 17. Bf3 Qf6 18. Kg2 Rad8 19. Nc5 Bc4 20. e3 e5 21. Ne4 Nxe4 22. dxe5 Qxe5 23. Qxe4 Qxe4 24. Bxe4 Rc8 25. f3 Be6 26. Bb7 Rb8 27. Bc6 Rfd8 28. Rc2 Rbc8 29. Rac1 b3 30. Rb2 Rd6 0-1

[Event "Titled Tuesday intern op 05th Apr Late"]
[Site "Chess.com INT"]
[Date "2022.04.05"]
[Round "1"]
[White "Degardin, Sylvain"]
[Black "Sanal, Vahap"]
[Result "0-1"]
[WhiteElo "2278"]
[BlackElo "2593"]
[PlyCount "66"]
[EventDate "2022.04.05"]
[EventType "swiss (blitz)"]
[EventRounds "11"]
[EventCountry "USA"]
[SourceTitle "CBM 207 Extra"]
[Source "ChessBase"]
[SourceDate "2022.05.31"]
[SourceVersion "1"]
[SourceVersionDate "2022.05.31"]
[SourceQuality "1"]

1. d4 Nf6 2. c4 e6 3. g3 d5 4. Nf3 Bb4+ 5. Bd2 Bxd2+ 6. Nbxd2 0-0 7. Bg2 b6 8. 0-0 Bb7 9. Qc2 Nbd7 10. Rac1 c5 11. cxd5 Nxd5 12. Rfd1 Rc8 13. Qb1 Qe7 14. e4 N5f6 15. dxc5 Nxc5 16. Ne5 Rfd8 17. b4 Na4 18. Qb3 b5 19. Qe3 Rxc1 20. Rxc1 Qxb4 21. Nb3 Nb6 22. Nc5 Ba8 23. Ned3 Qa3 24. e5 Nfd5 25. Qg5 Rf8 26. Re1 h6 27. Qg4 Ne7 28. Bxa8 Rxa8 29. Re3 Nf5 30. Rf3 Rd8 31. Qe4 Qxa2 32. Kg2 Qd5 33. Qxd5 Rxd5 0-1

[Event "Clichy 92 IM"]
[Site "Clichy"]
[Date "2022.02.25"]
[Round "7"]
[White "Decuigniere, Tom"]
[Black "Degardin, Sylvain"]
[Result "1-0"]
[WhiteElo "2292"]
[BlackElo "2291"]
[PlyCount "93"]
[EventDate "2022.02.20"]
[EventType "tourn"]
[EventRounds "9"]
[EventCountry "FRA"]
[EventCategory "4"]
[SourceTitle "CBM 207 Extra"]
[Source "ChessBase"]
[SourceDate "2022.05.31"]
[SourceVersion "1"]
[SourceVersionDate "2022.05.31"]
[SourceQuality "1"]

1. c4 e5 2. g3 Nf6 3. Bg2 d5 4. cxd5 Nxd5 5. Nc3 Nb6 6. Nf3 Nc6 7. 0-0 Be7 8. a3 0-0 9. b4 Be6 10. Rb1 f6 11. d3 a5 12. b5 Nd4 13. Nd2 Qc8 14. e3 Nf5 15. Qc2 Rd8 16. Nce4 Qd7 17. Nb3 Na4 18. d4 exd4 19. Nxd4 Nxd4 20. exd4 Qxd4 21. Bf4 Qc4 22. Qxc4 Bxc4 23. Rfc1 Bd3 24. Rb3 Bxe4 25. Bxe4 Nc5 26. Re3 Nxe4 27. Rxe4 Bxa3 28. Rxc7 b6 29. Rb7 Bc5 30. Be3 Rdb8 31. Rd7 a4 32. Bxc5 bxc5 33. Ree7 a3 34. Rxg7+ Kh8 35. Rxh7+ Kg8 36. Rdg7+ Kf8 37. Ra7 Kg8 38. Rhb7 Rxb7 39. Rxa8+ Kf7 40. Rxa3 Rxb5 41. Ra6 Rb1+ 42. Kg2 Rc1 43. h4 c4 44. Rc6 c3 45. Kf3 c2 46. Kg4 Kg6 47. Kf4 1-0

[Event "Clichy 92 IM"]
[Site "Clichy"]
[Date "2022.02.24"]
[Round "6"]
[White "Degardin, Sylvain"]
[Black "Petrov, Martin"]
[Result "0-1"]
[WhiteElo "2291"]
[BlackElo "2542"]
[PlyCount "74"]
[EventDate "2022.02.20"]
[EventType "tourn"]
[EventRounds "9"]
[EventCountry "FRA"]
[EventCategory "4"]
[SourceTitle "CBM 207 Extra"]
[Source "ChessBase"]
[SourceDate "2022.05.31"]
[SourceVersion "1"]
[SourceVersionDate "2022.05.31"]
[SourceQuality "1"]

1. e4 c5 2. Nf3 Nc6 3. Bb5 g6 4. 0-0 Bg7 5. Re1 e5 6. Bxc6 dxc6 7. d3 Qe7 8. Nbd2 Nh6 9. Nc4 f6 10. a4 b6 11. Bd2 0-0 12. Rb1 Be6 13. Qe2 Nf7 14. b3 Nd8 15. Bc3 Bf7 16. g3 Ne6 17. b4 cxb4 18. Bxb4 c5 19. Ba3 Qd7 20. a5 b5 21. Ne3 Rfd8 22. Nd5 Nd4 23. Nxd4 cxd4 24. Nb4 Rac8 25. Bc1 Bf8 26. Bd2 Rc7 27. Rb2 Rdc8 28. Rc1 Bd6 29. f3 Qe7 30. Qd1 Rc3 31. Rcb1 Bxb4 32. Rxb4 Rxc2 33. Rxb5 Qa3 34. Bh6 Qa2 35. Qf1 Rxh2 36. Rb8 Rxh6 37. Rxc8+ Kg7 0-1

[Event "Clichy 92 IM"]
[Site "Clichy"]
[Date "2022.02.21"]
[Round "3"]
[White "Benmesbah, Natacha"]
[Black "Degardin, Sylvain"]
[Result "1-0"]
[WhiteElo "2224"]
[BlackElo "2291"]
[PlyCount "59"]
[EventDate "2022.02.20"]
[EventType "tourn"]
[EventRounds "9"]
[EventCountry "FRA"]
[EventCategory "4"]
[SourceTitle "CBM 207 Extra"]
[Source "ChessBase"]
[SourceDate "2022.05.31"]
[SourceVersion "1"]
[SourceVersionDate "2022.05.31"]
[SourceQuality "1"]

1. e4 e5 2. Nf3 Nc6 3. Bb5 a6 4. Ba4 Nf6 5. d3 d6 6. a3 g6 7. Nc3 Bg7 8. h3 0-0 9. Bg5 h6 10. Be3 Kh7 11. 0-0 Bd7 12. Bb3 Qe8 13. Re1 Nh5 14. Nd5 Rc8 15. d4 b6 16. g4 f5 17. exf5 e4 18. Nh4 gxf5 19. gxh5 f4 20. Nxf4 Nxd4 21. Bxd4 Rxf4 22. Ng6 Rf5 23. Bxg7 Kxg7 24. Qd4+ Kh7 25. Rxe4 Rg5+ 26. Kh2 Rxh5 27. Rxe8 Rxh3+ 28. Kg2 Rxe8 29. Nf4 Rh4 30. Qd3+ 1-0

[Event "Titled Tuesday intern op 15th Feb Late"]
[Site "Chess.com INT"]
[Date "2022.02.15"]
[Round "3"]
[White "Degardin, Sylvain"]
[Black "Martinez Ramirez, Lennis"]
[Result "1-0"]
[WhiteElo "2291"]
[BlackElo "2437"]
[PlyCount "101"]
[EventDate "2022.02.15"]
[EventType "swiss (blitz)"]
[EventRounds "11"]
[EventCountry "USA"]
[SourceTitle "CBM 206 Extra"]
[Source "ChessBase"]
[SourceDate "2022.03.31"]
[SourceVersion "1"]
[SourceVersionDate "2022.03.31"]
[SourceQuality "1"]

1. d4 Nf6 2. c4 e6 3. Nf3 b6 4. g3 Ba6 5. Qa4 c5 6. dxc5 bxc5 7. Bg2 Bb7 8. 0-0 Be7 9. Nc3 0-0 10. Rd1 Qb6 11. Bf4 Nc6 12. Rd2 Nd4 13. Nxd4 Bxg2 14. Kxg2 cxd4 15. Nb5 Qc6+ 16. Kg1 a6 17. Rxd4 axb5 18. Qxb5 Qxb5 19. cxb5 Nd5 20. Bd2 Rfb8 21. e4 Bf6 22. Rd3 Nb6 23. Rb3 Na4 24. Bf4 Rb7 25. Rc1 Bxb2 26. Rc7 Rbb8 27. Rxd7 e5 28. Be3 Bd4 29. Bxd4 exd4 30. Rxd4 Nc5 31. Rb2 Rb6 32. Rc4 Ne6 33. a4 Kf8 34. Rd2 Ke7 35. Rd5 g5 36. Rb4 Ra5 37. Kg2 h6 38. Rc4 Rb8 39. b6 Rxd5 40. exd5 Nd8 41. a5 Ra8 42. Rc7+ Kd6 43. b7 Rb8 44. Rc8 Rxb7 45. Rxd8+ Kc5 46. Rh8 Kxd5 47. Rxh6 Ra7 48. a6 Kc5 49. Rf6 Kb5 50. Kf3 Rc7 51. Kg4 1-0

[Event "Titled Tuesday intern op 15th Feb Late"]
[Site "Chess.com INT"]
[Date "2022.02.15"]
[Round "11"]
[White "Degardin, Sylvain"]
[Black "Tasev, Dejan"]
[Result "1-0"]
[WhiteElo "2291"]
[BlackElo "2253"]
[PlyCount "81"]
[EventDate "2022.02.15"]
[EventType "swiss (blitz)"]
[EventRounds "11"]
[EventCountry "USA"]
[SourceTitle "CBM 206 Extra"]
[Source "ChessBase"]
[SourceDate "2022.03.31"]
[SourceVersion "1"]
[SourceVersionDate "2022.03.31"]
[SourceQuality "1"]

1. d4 Nf6 2. c4 e6 3. Nf3 d5 4. Nc3 Be7 5. Bf4 c6 6. e3 0-0 7. Qc2 Nbd7 8. a3 dxc4 9. Bxc4 b5 10. Bd3 Bb7 11. 0-0 a6 12. Ne4 c5 13. Nxc5 Nxc5 14. dxc5 Bxf3 15. gxf3 Qd5 16. c6 Qxf3 17. Rac1 Rac8 18. Bg3 Qh5 19. Rfd1 Rfd8 20. c7 Rd5 21. Be2 Qg5 22. Bf3 Rxd1+ 23. Rxd1 Nd5 24. Bxd5 exd5 25. Qc6 Qg4 26. Rxd5 h5 27. Qd7 Bf6 28. Qxg4 hxg4 29. Be5 Kh7 30. Bxf6 gxf6 31. Rd7 Kg6 32. e4 f5 33. exf5+ Kxf5 34. Rxf7+ Ke6 35. Rg7 Kf5 36. Kg2 Kf4 37. Rf7+ Kg5 38. Kg3 a5 39. f3 gxf3 40. Kxf3 a4 41. Ke4 1-0

[Event "Titled Tuesday intern op 15th Feb Late"]
[Site "Chess.com INT"]
[Date "2022.02.15"]
[Round "5"]
[White "Erdogdu, Mert"]
[Black "Degardin, Sylvain"]
[Result "1/2-1/2"]
[WhiteElo "2407"]
[BlackElo "2291"]
[PlyCount "115"]
[EventDate "2022.02.15"]
[EventType "swiss (blitz)"]
[EventRounds "11"]
[EventCountry "USA"]
[SourceTitle "CBM 206 Extra"]
[Source "ChessBase"]
[SourceDate "2022.03.31"]
[SourceVersion "1"]
[SourceVersionDate "2022.03.31"]
[SourceQuality "1"]

1. e4 c5 2. Nf3 d6 3. d4 cxd4 4. Nxd4 Nf6 5. Nc3 a6 6. Be3 e5 7. Nb3 Be6 8. f3 h5 9. Qd2 Be7 10. 0-0-0 Nbd7 11. h3 h4 12. Bd3 Qc7 13. Kb1 b5 14. f4 Nb6 15. Bxb6 Qxb6 16. Rhe1 Bc4 17. Nd5 Nxd5 18. exd5 Bf6 19. Na5 0-0 20. Bxc4 bxc4 21. Nxc4 Qc5 22. fxe5 dxe5 23. Nxe5 Rab8 24. c3 Rb7 25. Qd4 Qa3 26. c4 Rfb8 27. Re2 Qa4 28. Rdd2 Re7 29. d6 Rxe5 30. Rxe5 Bxe5 31. Qxe5 Qxc4 32. d7 Qf1+ 33. Kc2 Qc4+ 34. Qc3 Qe4+ 35. Qd3 Qa4+ 36. Kb1 Rd8 37. Qd4 Qxd4 38. Rxd4 Kf8 39. Kc2 Ke7 40. Kd3 Rxd7 41. Rxd7+ Kxd7 42. Kd4 Kd6 43. b4 f5 44. a4 g5 45. b5 axb5 46. axb5 g4 47. b6 Kc6 48. Ke5 Kxb6 49. Kxf5 gxh3 50. gxh3 Kc7 51. Kg5 Kd7 52. Kxh4 Ke6 53. Kg5 Kf7 54. h4 Kg8 55. h5 Kh8 56. h6 Kg8 57. h7+ Kh8 58. Kg6 1/2-1/2

[Event "Titled Tuesday intern op 08th Feb Late"]
[Site "Chess.com INT"]
[Date "2022.02.08"]
[Round "5"]
[White "Degardin, Sylvain"]
[Black "Roman, Rodrigo"]
[Result "0-1"]
[WhiteElo "2291"]
[BlackElo "2078"]
[PlyCount "94"]
[EventDate "2022.02.08"]
[EventType "swiss (blitz)"]
[EventRounds "11"]
[EventCountry "USA"]
[SourceTitle "CBM 206 Extra"]
[Source "ChessBase"]
[SourceDate "2022.03.31"]
[SourceVersion "1"]
[SourceVersionDate "2022.03.31"]
[SourceQuality "1"]

1. Nf3 e6 2. g3 Ke7 3. Bg2 Nf6 4. 0-0 Nc6 5. d4 d5 6. b3 Ke8 7. c4 Be7 8. Bb2 Kf8 9. e3 g6 10. Nc3 Kg7 11. Qe2 Ne4 12. Nxe4 dxe4 13. Nd2 f6 14. Nxe4 Qe8 15. a3 Nd8 16. Rfd1 c6 17. h4 h5 18. Qf3 Nf7 19. d5 e5 20. d6 Bg4 21. dxe7 Bxf3 22. Bxf3 Qxe7 23. a4 Rhd8 24. Ba3 Qe8 25. Nc5 b6 26. Na6 Rxd1+ 27. Rxd1 Rd8 28. Rxd8 Qxd8 29. Bxc6 Qd1+ 30. Kg2 Qxb3 31. Be7 Qxc4 32. Bb5 Qe4+ 33. Kh2 Qf3 34. Kg1 g5 35. Nc7 gxh4 36. Ne6+ Kh7 37. Nf8+ Kg8 38. gxh4 Qd1+ 39. Kh2 Qf3 40. Kg1 Qg4+ 41. Kf1 Qxh4 42. Bd7 Qc4+ 43. Kg2 Qe4+ 44. Kh2 Ng5 45. Bxf6 Nf3+ 46. Kh3 Kxf8 47. Be6 Qg6 0-1